Symptômes névrose obsessionnelle 1 - les obsessions - Statistiques

Statistiques générales
  • Ce quiz a été pris 28 fois
  • Le résultat moyen est 5 sur 9
Answers on the Grid
Answers color-coded by a green-red scale on the quiz's grid according to % correct below.
Obsession idéative
Obsession phobique
Obsession maniaque
Obsession impulsive
Obsession paranoïde
Ces obsessions correspondent à des symptômes psychiques
Ces obsessions correspondent à des symptômes comportementaux
Dans obsession idéative : intrusion répétitive d'idées
Dans obsession idéative : intrusion répétitive de mots et d'images
Dans obsession idéative : rumination sans fin
Dans obsession idéative : volonté d'avoir toujours raison
Dans obsession idéative : poursuivre des idéaux inatteignables
Dans obsession phobique : sujet obsédé par les choses qui font peur
L'obsession phobique : génère de la peur, en rapport avec une crainte
imaginaire
Dans l'obsession phobique peur permanente, même en l’absence de l’objet
pathogène
Dans l'obsession phobique peur séquentielle, seulement en présence de l'objet pathogène
 
Statistiques - réponses
Réponse % Correct
Obsession phobique
77%
Obsession idéative
62%
Dans obsession idéative : intrusion répétitive de mots et d'images
54%
Dans obsession idéative : intrusion répétitive d'idées
54%
L'obsession phobique : génère de la peur, en rapport avec une crainte
imaginaire
54%
Ces obsessions correspondent à des symptômes psychiques
46%
Dans l'obsession phobique peur permanente, même en l’absence de l’objet
pathogène
46%
Obsession impulsive
46%
Dans obsession idéative : rumination sans fin
23%
Aucun quiz correspondant
Distribution des résultats
% des personnes avec chaque résultat
Percentile par nombre de réponses
Votre historique - résultats
Vous n’avez pas pris ce quiz